12 afrických zabijáků

Bibliographic Details
Other Authors: Turnbull, Mitch (Author of dialog)
Format: Book
Language:Czech
PhysicalDescription:1 videokazeta (55 min.) stereo, fareb., VHS systém PAL 10x19 cm
Published: Bratislava Intersonic 2000
Series:National geographic video
Subjects:

MARC

LEADER 00000nam a2200000 a 4500
001 vtls001401227
003 SK-MaSNL
005 20260301012050.0
008 251113s2000 xo 0 cze
015 |a SNBJ2000/04-01778 
035 |a SNK000355724 
040 |a SNK  |b slo  |c SNK  |e AACR2 
044 |a xo  |c SK 
080 |a 791.43(73)(086.8)  |2 1981 
245 1 |a 12 afrických zabijáků  |h videozáznam  |c réžia Mitch Turnbull 
246 1 3 |a Dvanásť afrických zabijaků 
260 |a Bratislava  |b Intersonic  |c 2000 
300 |a 1 videokazeta (55 min.)  |b stereo, fareb., VHS systém PAL  |c 10x19 cm 
490 1 |a National geographic video 
650 0 7 |a filmy prírodopisné  |x videokazety  |2 SNK  |9 283656 
655 7 |a videokazety  |2 SNK  |9 70726 
700 1 |a Turnbull, Mitch  |4 aud  |9 296474 
830 0 |a National geographic video  |9 283657 
999 |c 552575  |d 554505 
952 |t P60, <03>, [BOOK], {603}  |a SNK  |b SNK  |y PREZ  |7 0  |p 17A0258962  |o snkSVC 606/83  |i snkJK 405/2000  |0 0  |1 0  |4 0  |d 2000-11-23  |l 0  |r 2005-01-02 00:00:00  |w 2026-02-23